| 000 | 00902nac a22002771i 4500 | ||
|---|---|---|---|
| 003 | EG-ScBUE | ||
| 005 | 20240930093511.0 | ||
| 008 | 240930t2002 maua f 001 0 eng d | ||
| 020 | _a0321006828 | ||
| 020 | _a9780321006820 | ||
| 040 |
_aEG-ScBUE _beng _erda _cEG-ScBUE _dEG-ScBUE |
||
| 082 | 0 | 4 |
_a515 _bJOH _222 |
| 100 | 1 |
_aJohnston, Elgin H., _eauthor. |
|
| 245 | 1 | 0 |
_aCalculus / _cElgin H. Johnston, Iowa State University, Jerold C. Mathews, Iowa State University. |
| 264 | 1 |
_aBoston : _bAddison-Wesley Publishing, _c[2002] |
|
| 264 | 4 | _cc2002 | |
| 300 |
_axxiii, 1134, 64, 10 pages : _bcolor illustrations ; _c26 cm |
||
| 336 |
_2rdacontent _atext _btxt |
||
| 337 |
_aunmediated _2rdamedia _bn |
||
| 338 |
_avolume _bnc _2rdacarrier |
||
| 500 | _aIncludes index. | ||
| 650 | 7 |
_aCalculus. _2BUEsh |
|
| 655 | _vReading book | ||
| 700 | 1 |
_aMathews, Jerold C., _eauthor. |
|
| 942 |
_cBB _2ddc |
||
| 999 |
_c1253 _d1253 |
||